Cuenta pública 2011

-д хадгалсан:
Номзүйн дэлгэрэнгүй
Байгууллагын зохиогч: Dirección General de Aeronáutica Civil Chile (Зохиогч)
Формат: Ном
Хэл сонгох:испани
Хэвлэсэн: Santiago Dirección General de Aeronáutica Civil Chile 2011
Нөхцлүүд:
Шошгууд: Шошго нэмэх
Шошго байхгүй, Энэхүү баримтыг шошголох эхний хүн болох!

MARC

LEADER 00000cam a2200000 a 4500
001 UCF7931
003 CL-VaPUC
008 130711e20110000CL |||||||||||||||||spa|d
082 0 4 |a 629.13  |b DIR  |2 21 
110 2 |a Dirección General de Aeronáutica Civil Chile  |e author  |9 570023 
245 1 0 |a Cuenta pública 2011 
300 |a 43 p 
942 |c BK 
945 |d 20130711 00:00:00  |a dcastane 
260 |a Santiago  |b Dirección General de Aeronáutica Civil Chile  |c 2011 
500 |a Incluye CD 
650 0 |a Aeronáutica   |9 265722 
650 7 |a MEMORIAS  |2 CL-VaPUC  |9 269159 
650 7 |a CUENTAS PUBLICAS  |2 CL-VaPUC  |9 436753 
583 |a last modification  |c 20130711 11:26:00  |k Rodrigo Vera 
999 |c 352649  |d 352647 
952 |0 0  |1 0  |4 0  |6 629_130000000000000_DIR_2011  |7 0  |8 A  |9 457253  |a BIBING  |b BIBING  |d 2019-11-22  |i 4987608  |o 629.13 DIR 2011  |p 4987608  |r 2025-01-20  |w 2019-11-22  |y BK  |k ING